000 00729nam a2200289Ia 4500
005 20260324132936.0
008 008 260324s9999 xx 000 0 eng d
020 _a9780429175954
037 _aEBOOK
040 _aCRL
040 _beng
040 _cCRL
041 _2eng
041 _aeng
084 _qCRL
100 _aNitis Mukhopadhyay; Sujay Datta; Saibal Chattopadhyay
_91191199
245 0 _aApplied Sequential Methodologies
245 0 _bReal-World Examples with Data Analysis
260 _bTaylor and Francis
260 _c2004
365 _a
365 _b305
856 _uhttp://www.taylorfrancis.com/books/9780429175954
942 _cEBOOK
999 _c1789776
_d1789776